000 00566nmm a2200193Ia 4500
008 251105s9999||||xx |||||||||||||||||und||
020 _a9788433978608
041 _aspa
100 _aGross, Richard
245 0 _aEn tiempos de luz menguante :
_b Novela de una familia
264 _a[Madrid, España] :
_bEditorial Anagrama,
_c2013
300 _a400 páginas
490 _aPanorama de narrativas
650 _aOther narratives
700 _aGross, Richard
700 1 _a Ruge, Eugen
856 _uhttps://public.digitaliapublishing.com/a/32638
942 _cCF
999 _c66504
_d66504